Damso ou Nietzsche? - Statistiques

Statistiques générales
  • Ce quiz a été pris 7 245 fois
  • Le résultat moyen est 11 sur 15
Statistiques - réponses
Question Réponse % Correct
"Du mal à appréhender le futur, car dans ma vision je suis immortel." Damso
94%
"Vers le succès je marche, j'ai des ampoules aux pieds." Damso
90%
“L'homme a besoin de ce qu'il y a de pire en lui s'il veut parvenir à ce qu'il a de meilleur.” Nietzsche
90%
"Perdu dans le berceau, je n'ai pas cessé de naître." Damso
87%
"La vie, une condamnation, l'amour en est qu'une caution" Damso
82%
"Le christianisme et l'alcool, les deux plus grands agents de corruption." Nietzsche
80%
"Droits égaux pour tous, c'est la plus merveilleuse des injustices." Nietzsche
76%
"Il faut croire en Dieu mais surtout croire en soi; car Dieu, la mort, il ne la connaît pas." Damso
75%
"Personne se connait mais tout le monde prétend connaître l'autre" Damso
75%
"Toutes les femmes ne sont pas pareilles, c’est vrai, mais le diable parle à travers elles de la même façon." Damso
69%
"Les vérités sont des illusions dont on a oublié qu’elles le sont." Nietzsche
65%
"Enfermé par les dogmes et codes sociétales, cloisonné par l’effort d’être ce que l'on n’est pas." Damso
64%
"Deviens qui tu es, fais ce que toi seul peut faire" Nietzsche
61%
"J'ai été bouleversé, non de ce que tu m'aies menti, mais de ce que je ne puisse plus te croire." Nietzsche
61%
"Je suis porté là-bas, mon âme danse. Tâche quotidienne! tâche quotidienne! Qui doit être le maître du monde?" Nietzsche
60%
Aucun quiz correspondant
Distribution des résultats
% des personnes avec chaque résultat
Percentile par nombre de réponses
Votre historique - résultats
Vous n’avez pas pris ce quiz